000
00318nam a22001337a 4500
040
_c
NUST
082
_a
604.2 PAR
100
_a
Parkinson, A.C
_9
40152
245
_a
A First Year Engineering Drawing
250
_a
5th
260
_a
London:
_b
Pitman:
_c
1955.
650
_a
Engineering Drawing
_9
73872
942
_2
ddc
_c
BK
999
_c
586666
_d
586666